Guess the Organ by Causes of Inflammation - Statistics

General Stats
  • This quiz has been taken 20 times
  • The average score is 5 of 10
Answer Stats
Organ Selected Causes % Correct
Stomach (Gastritis) Helicobacter pylori, autoimmune (+parietal cell autoantibodies)
94%
Liver (Hepatitis) Viral infections, alcohol use, autoimmune (+smooth muscle autoantibodies)
75%
Skin (Dermatitis) Psoriasis, Niacin deficiency (Pellagra), contact with irritants,
75%
Brain (Encephalitis) HSV-1, Dengue, Rabies, paraneoplastic (+NMDAR autoantibodies)
63%
Esophagus (Esophagitis) CMV, Candida albicans, eosinophilic infiltration, acid reflux
63%
Bronchus (Bronchitis) Chronic tobacco smoking, Influenza, COVID-19
56%
Bladder (Cystitis) Escherichia coli, Staphylococcus saprophyticus, cyclophosphamide toxicity
50%
Pericardium (Pericarditis) Coxsackievirus B, Mycobacterium tuberculosis, Systemic lupus erythematosus, Dressler syndrome
25%
Heart valves (Endocarditis) Staphylococcus aureus, viridans Streptococci, Enterococcus spp., Systemic lupus erythematosus
19%
Meninges (Meningitis) HSV-2, Group B Streptococcus, Streptococcus pneumoniae, Cryptococcus neoformans
19%
No matching quizzes found
Score Distribution
Percent of People with Each Score
Percentile by Number Answered
Your Score History
You have not taken this quiz